| 000 | 00753pam a2200205 4500 | ||
|---|---|---|---|
| 001 | 1846 | ||
| 005 | 20181127164105.0 | ||
| 008 | 931119s1994 nyua b 001 0 eng | ||
| 010 | _a 93042172 | ||
| 020 | _a0898623669 (acid-free paper) | ||
| 100 | 1 |
_aShapiro, Edward S. _q(Edward Steven), _d1951- |
|
| 245 | 1 | 0 |
_aBehavior change in the classroom : _bself-management interventions / _cEdward S. Shapiro, Christine L. Cole. |
| 260 |
_aNew York : _bGuilford Press, _cc1994. |
||
| 300 |
_ax, 204 p. : _bill. ; _c24 cm. |
||
| 440 | 4 | _aThe Guilford school practitioner series | |
| 504 | _aIncludes bibliographical references (p. 182-197) and index. | ||
| 650 | 0 | _aBehavior modification. | |
| 650 | 0 |
_aProblem children _xEducation. |
|
| 700 | 1 | _aCole, Christine L. | |
| 999 |
_c1411 _d1411 |
||